书目信息 |
| 题名: |
真实的建构与消解
|
|
| 作者: | 吕琪 著 | |
| 分册: | ||
| 出版信息: | 成都 四川大学出版社 2016 |
|
| 页数: | 18,375页 | |
| 开本: | 21cm | |
| 丛书名: | 四川大学外国语学院学术文丛 | |
| 单 册: | ||
| 中图分类: | G229.712 | |
| 科图分类: | ||
| 主题词: | 文娱活动--wen yu huo dong--电视节目--研究--美国 | |
| 电子资源: | ||
| ISBN: | 978-7-5614-9684-8 | |
| 000 | 01633nam0 22002891 450 | |
| 001 | 0102164916 | |
| 005 | 20170502164916.0 | |
| 010 | @a978-7-5614-9684-8@dCNY35.00 | |
| 100 | @a20170418d2016 em y0chiy50 ea | |
| 101 | 0 | @achi@ceng |
| 102 | @aCN@b510000 | |
| 105 | @ay z 000yy | |
| 106 | @ar | |
| 200 | 1 | @a真实的建构与消解@9zhen shi de jian gou yu xiao jie@dConstruction and dissolving of reality@e美国电视真人秀中的身体与社会@ebody and society in american reality TV shows@f吕琪著@zeng |
| 210 | @a成都@c四川大学出版社@d2016 | |
| 215 | @a18,375页@d21cm | |
| 225 | 2 | @a四川大学外国语学院学术文丛@9si chuan da xue wai guo yu xue yuan xue shu wen cong |
| 300 | @a中央高校基本科研业务费研究专项项目--青年教师科研启动基金项目“美国电视真人秀: 文化工业与身份认同” | |
| 330 | @a本选题以21世纪风靡于美国电视荧幕的真人秀这一新的节目形态为研究对象,从历史、文本和社会的角度,对其发展历史、形态特征、社会功能和文化影响进行了全面考察,并以此讨论电视真人秀、真人与社会间的多维关系。本研究特别注重将电视真人秀的案例进行文本细读,并将意识形态的文化分析方法作为理论支撑。本研究的创新点还在于将身体研究理论纳入了对电视真人秀的形态研究当中,给真人秀研究提供了独到而精确的视角。 | |
| 461 | 0 | @12001 @a四川大学外国语学院学术文丛 |
| 510 | 1 | @aConstruction and dissolving of reality@ebody and society in american reality TV shows@zeng |
| 517 | 1 | @a美国电视真人秀中的身体与社会@9mei guo dian shi zhen ren xiu zhong de shen ti yu she hui |
| 606 | 0 | @a文娱活动@9wen yu huo dong@x电视节目@x研究@y美国 |
| 690 | @aG229.712@v5 | |
| 701 | 0 | @a吕琪@9lv qi@4著 |
| 801 | 0 | @aCN@b百万庄@c20170308 |
| 905 | @b1002748-53@dG229.712@e196@f6 | |
| 真实的建构与消解=Construction and dissolving of reality:美国电视真人秀中的身体与社会:body and society in american reality TV shows/吕琪著.-成都:四川大学出版社,2016 |
| 18,375页;21cm.-(四川大学外国语学院学术文丛) |
| 中央高校基本科研业务费研究专项项目--青年教师科研启动基金项目“美国电视真人秀: 文化工业与身份认同” |
| ISBN 978-7-5614-9684-8:CNY35.00 |
| 本选题以21世纪风靡于美国电视荧幕的真人秀这一新的节目形态为研究对象,从历史、文本和社会的角度,对其发展历史、形态特征、社会功能和文化影响进行了全面考察,并以此讨论电视真人秀、真人与社会间的多维关系。本研究特别注重将电视真人秀的案例进行文本细读,并将意识形态的文化分析方法作为理论支撑。本研究的创新点还在于将身体研究理论纳入了对电视真人秀的形态研究当中,给真人秀研究提供了独到而精确的视角。 |
| ● |
| 相关链接 |
|
|
|
|
正题名:真实的建构与消解
索取号:G229.712/196
 
预约/预借
| 序号 | 登录号 | 条形码 | 馆藏地/架位号 | 状态 | 备注 |
| 1 | 1002748 | 210027488 | 第一样本阅览室/ [索取号:G229.712/196] | 在馆 | |
| 2 | 1002749 | 210027497 | 教育系资料室/ [索取号:G229.712/196] | 在馆 | |
| 3 | 1002750 | 210027503 | 教育系资料室/ [索取号:G229.712/196] | 在馆 | |
| 4 | 1002751 | 210027512 | 教育系资料室/ [索取号:G229.712/196] | 在馆 | |
| 5 | 1002752 | 210027521 | 第四借阅区/ [索取号:G229.712/196] | 在馆 | |
| 6 | 1002753 | 210027530 | 第四借阅区/ [索取号:G229.712/196] | 在馆 |